Najpopularniejsze ryby słodkowodne w Polsce - Statystyki

Ogólne statystyki
  • Ten quiz został rozwiązany 1 385 razy
  • Średni wynik to 14 z 20
Statystyki odpowiedzi
Ryba % Poprawnych
karp
96%
szczupak
94%
sum
91%
okoń
88%
płoć
83%
karaś
82%
lin
80%
sandacz
78%
leszcz
73%
amur
71%
pstrąg
67%
wzdręga
67%
jesiotr
61%
jaź
58%
ukleja
56%
kleń
55%
boleń
53%
krąp
46%
brzana
43%
tołpyga
40%
Nie znaleziono quizów pasujących do podanych kryteriów
Rozkład punktacji
Procent ludzi z każdym wynikiem
Percentyl według liczby udzielonych odpowiedzi
Twoja historia wyników
Nie rozwiązałeś tego quizu